Luna park /
Appare spesso. Nel bel mezzo della notte. A casa mia. Non è un luna park fantasma. È un luna park segreto. Se anche volessi parlarne, come potrei? Le giostre cambiano in continuazione. A volte tornano, a volte no. Non è un sogno. No, di sicuro. Voi non ve lo sognate nemmeno. In un diario segreto, la...
Saved in:
| 主要作者: | |
|---|---|
| 格式: | 圖書 |
| 語言: | 意大利语 |
| 出版: |
Monselice :
Camelozampa,
2016
|
| 叢編: | Gli arcobaleni ;
8 |
| 標簽: |
沒有標簽, 成為第一個標記此記錄!
|
MARC
| LEADER | 00000nam a22000007i 4500 | ||
|---|---|---|---|
| 001 | IT\ICCU\UBO\4209862 | ||
| 003 | ItRI | ||
| 005 | 20260115232203.0 | ||
| 008 | 161122s2016 it |||||| ||||| |||||c | ||
| 020 | |a 9788896323335 | ||
| 040 | |b ita |c importazione bologna sebina | ||
| 041 | 7 | |a ita |2 ISO-639-2 | |
| 082 | |a 853.92 |9 NARRATIVA ITALIANA, 2000- |2 23 | ||
| 100 | 1 | |a Rocchi, Livia |0 IT\ICCU\PUVV\422186 | |
| 240 | 1 | 0 | |a Luna park |3 IT\ICCU\MOD\1664815 |9 Rocchi, Livia |
| 245 | 1 | 0 | |a Luna park / |c Livia Rocchi. |
| 260 | |a Monselice : |b Camelozampa, |c 2016 | ||
| 300 | |a 126 p. ; |c 17 cm | ||
| 520 | |a Appare spesso. Nel bel mezzo della notte. A casa mia. Non è un luna park fantasma. È un luna park segreto. Se anche volessi parlarne, come potrei? Le giostre cambiano in continuazione. A volte tornano, a volte no. Non è un sogno. No, di sicuro. Voi non ve lo sognate nemmeno. In un diario segreto, la voce di un bambino racconta ogni sera la comparsa di un luna park. Le sue giostre sono la metafora della violenza domestica: la tensione crescente, i picchi di urla, le discese nel silenzio. Per Benny, di giorno, a scuola, la vita sembra scorrere normalmente. Basterà l'amicizia di Stella a farlo uscire dal Tunnel degli Orrori? Età di lettura: da 11 anni. | ||
| 830 | 4 | |a Gli arcobaleni ; |v 8 |0 IT\ICCU\TO0\1842354 | |
| 942 | |2 ddc |c BK |n 0 | ||
| 952 | |0 0 |1 0 |4 0 |6 R_853_920000000000000_ROC |7 0 |9 21595 |a BO |b BO |d 2026-01-15 |i 19196 |l 0 |o R 853.92 ROC |p BO19196 |r 2026-01-15 23:22:03 |w 2026-01-15 |x [Sebina 5] [1 v.] |y BK |z 1 v. | ||
| 999 | |c 18441 |d 18441 | ||